[Event "14ème Open de Saint-Affrique"]
[Site "Saint-Affrique"]
[Date "????.??.??"]
[Round "4.18"]
[White "Bolon, Karelle"]
[Black "San Marco, Bruno"]
[Result "1-0"]
[WhiteElo "2011"]
[BlackElo "2237"]
[PlyCount "101"]

1. d4 d6 2. e4 Nf6 3. Nc3 c6 4. f4 Qa5 5. Bd3 e5 6. Nf3 Nbd7 7. a3 Be7 8. Bd2
Qc7 9. Bc4 O-O 10. O-O b5 11. Bb3 Qb6 12. Be3 Ng4 13. Qd2 Bb7 14. Rae1 Nxe3 15.
Qxe3 exd4 16. Nxd4 Bf6 17. Nf5 Qxe3+ 18. Rxe3 Nc5 19. Rd1 d5 20. exd5 Nxb3 21.
dxc6 Bxc6 22. cxb3 Rae8 23. Rxe8 Rxe8 24. Rd6 Be4 25. Rxf6 gxf6 26. Nd6 Rd8 27.
Ndxe4 f5 28. Nc5 b4 29. axb4 Rd4 30. Nb5 Rxf4 31. Na6 Re4 32. Nxa7 Re7 33. Nc6
Rb7 34. Nd4 Rd7 35. Nxf5 Kf8 36. Kf2 Rd5 37. g4 h5 38. h3 hxg4 39. hxg4 Rd2+
40. Ke3 Rxb2 41. Nc5 Rg2 42. Kf3 Rc2 43. Nd4 Rc1 44. Ke4 Ke8 45. Kd5 Kd8 46. b5
Kc7 47. Na4 Rg1 48. b6+ Kb7 49. Nf5 Rxg4 50. Nd6+ Kb8 51. Nc5 1-0

[Event "14ème Open de Saint-Affrique"]
[Site "Saint-Affrique"]
[Date "????.??.??"]
[Round "4.7"]
[White "Guedon, Stephane"]
[Black "Bijaoui, Manuel"]
[Result "1/2-1/2"]
[WhiteElo "2228"]
[BlackElo "2363"]
[PlyCount "68"]

1. d4 Nf6 2. g3 g6 3. Bg2 Bg7 4. e4 d6 5. Nc3 O-O 6. Nge2 c6 7. a4 Nbd7 8. h3
Re8 9. Be3 e5 10. O-O Qe7 11. Qd2 exd4 12. Bxd4 Ne5 13. f4 Nc4 14. Qc1 c5 15.
Bf2 Bd7 16. b3 Nb6 17. Qd2 Bc6 18. Rae1 Bxe4 19. Nc1 d5 20. a5 Nbd7 21. Nxd5
Qd8 22. Nxf6+ Nxf6 23. Qxd8 Raxd8 24. Bxc5 Bxg2 25. Rxe8+ Rxe8 26. Kxg2 Rc8 27.
Nd3 Ne4 28. b4 Bf8 29. Re1 Nxc5 30. bxc5 Bxc5 31. Rb1 Bd4 32. Rxb7 Rxc2+ 33.
Kf3 f5 34. Rd7 Rc4 1/2-1/2

[Event "14ème Open de Saint-Affrique"]
[Site "Saint-Affrique"]
[Date "????.??.??"]
[Round "4.8"]
[White "Arnaudov, G. Petar"]
[Black "David, Vincent"]
[Result "0-1"]
[WhiteElo "2220"]
[BlackElo "2327"]
[PlyCount "56"]

1. e4 e6 2. d4 d5 3. Nc3 dxe4 4. Nxe4 Nd7 5. Bd3 Ngf6 6. Nxf6+ Nxf6 7. Nf3 c5
8. dxc5 Bxc5 9. Bg5 O-O 10. Qe2 h6 11. Bh4 Qa5+ 12. c3 Nd5 13. Qd2 Bd7 14. O-O
Bd6 15. Bg3 Bxg3 16. hxg3 Rfd8 17. Ne5 Nf6 18. Qe2 Be8 19. f4 g6 20. g4 Rd5 21.
Bc4 Rd6 22. f5 exf5 23. Nxg6 Nxg4 24. Ne7+ Kh8 25. Rxf5 Qb6+ 26. Kh1 Ne3 27.
Rb5 Bxb5 28. Bxb5 Re6 0-1

[Event "14ème Open de Saint-Affrique"]
[Site "Saint-Affrique"]
[Date "????.??.??"]
[Round "4.9"]
[White "Boudre, Jean-Pierre"]
[Black "Alexiev, Ivan"]
[Result "1-0"]
[WhiteElo "2315"]
[BlackElo "1927"]
[PlyCount "63"]

1. e4 c6 2. c4 d5 3. cxd5 cxd5 4. exd5 Nf6 5. Nc3 Nxd5 6. Nf3 Nc6 7. Bb5 Nxc3
8. bxc3 Bd7 9. O-O e6 10. d4 Be7 11. Bd3 g5 12. Re1 Kf8 13. Rb1 g4 14. Nd2 Qc7
15. Nc4 h5 16. g3 Nd8 17. Bf4 Qc8 18. Qd2 Bc6 19. Ne5 h4 20. Bg5 Qc7 21. Qf4
Ke8 22. Bxe7 Qxe7 23. Nxg4 hxg3 24. fxg3 Qa3 25. Qd2 Rc8 26. Ne5 Qa5 27. Nxc6
bxc6 28. Re5 Qa3 29. Rc5 Kf8 30. Rb3 Qa4 31. Rb4 Qa3 32. Qc2 1-0

[Event "14ème Open de Saint-Affrique"]
[Site "Saint-Affrique"]
[Date "????.??.??"]
[Round "3.28"]
[White "Chaplin, Erik"]
[Black "Bolon, Karelle"]
[Result "0-1"]
[WhiteElo "2156"]
[BlackElo "2011"]
[PlyCount "94"]

1. e4 c5 2. Bc4 e6 3. Nc3 a6 4. a4 Nc6 5. d3 Nf6 6. Nge2 Be7 7. O-O O-O 8. f4
d5 9. exd5 exd5 10. Ba2 Nb4 11. Bb1 Bd7 12. f5 b5 13. Ng3 Bc6 14. d4 Qb6 15. a5
Qa7 16. Nce2 Bb7 17. c3 Nc6 18. Kh1 h6 19. h3 Bd8 20. Be3 c4 21. Nf4 Nxa5 22.
Bc2 Qb6 23. Nfh5 Re8 24. Qd2 Kh7 25. Rf4 Nb3 26. Bxb3 cxb3 27. Raf1 Nxh5 28.
Nxh5 Bg5 29. R4f3 Rxe3 30. Rxe3 Re8 31. Nf4 Re4 32. Rxe4 dxe4 33. Qe2 a5 34.
Nh5 a4 35. Qg4 Qd6 36. h4 Bf6 37. Nxf6+ Qxf6 38. Qf4 Bd5 39. Kh2 Qe7 40. f6
Qxf6 41. Qxf6 gxf6 42. Kg3 Bc4 43. Ra1 e3 44. Kf3 e2 45. Ke3 a3 46. bxa3 b2 47.
Re1 Ba2 0-1

[Event "14ème Open de Saint-Affrique"]
[Site "Saint-Affrique"]
[Date "????.??.??"]
[Round "3.4"]
[White "Marzolf, Bruno"]
[Black "Georgiev, Krum"]
[Result "0-1"]
[WhiteElo "2234"]
[BlackElo "2485"]
[PlyCount "78"]

1. e4 e5 2. Nf3 Nc6 3. Bb5 g6 4. c3 Nge7 5. d4 exd4 6. Bg5 Bg7 7. Nxd4 Nxd4 8.
cxd4 c6 9. Be2 d5 10. e5 Qb6 11. Bxe7 Qxb2 12. Bc5 Qxa1 13. Qb3 b6 14. O-O bxc5
15. Nc3 Qxf1+ 16. Bxf1 O-O 17. dxc5 Bxe5 18. Nxd5 cxd5 19. Qxd5 Rb8 20. Qxe5
Rb1 21. Qe4 Bf5 22. Qd4 Rfb8 23. h3 h5 24. c6 Rc1 25. g4 hxg4 26. hxg4 Be6 27.
Kg2 Rxc6 28. Bd3 Bxa2 29. Be4 Rc7 30. Qd6 Rbc8 31. g5 Be6 32. Kg3 a5 33. Kf4 a4
34. f3 Rc4 35. Kg3 R4c5 36. Kf4 a3 37. Bb7 a2 38. Bxc8 Rf5+ 39. Ke3 a1=Q 0-1

[Event "14ème Open de Saint-Affrique"]
[Site "Saint-Affrique"]
[Date "????.??.??"]
[Round "3.5"]
[White "Meijers, Viesturs"]
[Black "Delorme, Axel"]
[Result "1/2-1/2"]
[WhiteElo "2474"]
[BlackElo "2231"]
[PlyCount "119"]

1. e4 e5 2. Nf3 Nc6 3. Bb5 a6 4. Bxc6 dxc6 5. O-O f6 6. d4 exd4 7. Nxd4 c5 8.
Nb3 Qxd1 9. Rxd1 Bg4 10. f3 Be6 11. Nc3 Bd6 12. Be3 b6 13. a4 Kf7 14. Nd5 Rd8
15. a5 Bxd5 16. exd5 c4 17. Nd4 b5 18. Nc6 Re8 19. Bf2 Ne7 20. Bg3 Bxg3 21.
hxg3 Nxc6 22. dxc6 Rd8 23. b3 c3 24. Kf2 Rhe8 25. g4 Rd2+ 26. Rxd2 cxd2 27. Rd1
Re6 28. Rxd2 Rxc6 29. f4 Rc3 30. f5 Ke7 31. g3 h6 32. Kg2 Re3 33. Kh3 Re1 34.
b4 c6 35. c3 Rc1 36. Rd3 Rc2 37. g5 hxg5 38. Kg4 Rf2 39. Rd4 Rc2 40. Rd3 Rf2
41. Re3+ Kd7 42. Re1 Rc2 43. Rh1 Ke7 44. Rh8 Rxc3 45. Ra8 Kd6 46. Rxa6 Ke5 47.
Rb6 Rc4+ 48. Kh5 Kxf5 49. a6 Rxb4 50. Rxc6 Ra4 51. Rc5+ Ke4 52. Rxb5 Rxa6 53.
g4 Ra7 54. Rb4+ Kd5 55. Kg6 Re7 56. Rb1 Re4 57. Kxg7 Rxg4 58. Kxf6 Ke4 59. Rb5
Kf4 60. Rf5+ 1/2-1/2

[Event "14ème Open de Saint-Affrique"]
[Site "Saint-Affrique"]
[Date "????.??.??"]
[Round "3.6"]
[White "Guedon, Stephane"]
[Black "Bricard, Emmanuel"]
[Result "1-0"]
[WhiteElo "2228"]
[BlackElo "2469"]
[PlyCount "91"]

1. e4 e6 2. d4 d5 3. Nc3 h6 4. exd5 exd5 5. Bd3 Nf6 6. Nge2 c5 7. Bb5+ Nc6 8.
O-O c4 9. b3 cxb3 10. axb3 Be7 11. Ba3 Bxa3 12. Rxa3 O-O 13. Bxc6 bxc6 14. Qd3
Re8 15. Rfa1 Qe7 16. h3 Ne4 17. Nxe4 dxe4 18. Qg3 a6 19. Ra5 f6 20. Rc5 Bb7 21.
Ra4 Rad8 22. Rb4 Rd7 23. c3 g5 24. Qe3 Rd5 25. Ng3 Bc8 26. Rxc6 f5 27. Rbb6 Rb5
28. Rg6+ Kf7 29. Rxh6 Rxb6 30. Rxb6 f4 31. Qe2 g4 32. Nh5 Qg5 33. hxg4 Bxg4 34.
Qc4+ Be6 35. Qc7+ Kg8 36. Nxf4 Bf7 37. Rb8 Rxb8 38. Qxb8+ Kg7 39. Qc7 Qg4 40.
Qe5+ Kg8 41. Qxe4 Bxb3 42. Qa8+ Kg7 43. Qb7+ Kf8 44. g3 Bd1 45. Qxa6 Bf3 46.
Qf6+ 1-0

[Event "14ème Open de Saint-Affrique"]
[Site "Saint-Affrique"]
[Date "????.??.??"]
[Round "3.1"]
[White "Degraeve, Jean-Marc"]
[Black "Saez, Frederic"]
[Result "1-0"]
[WhiteElo "2540"]
[BlackElo "2238"]
[PlyCount "37"]

1. e4 e5 2. Nf3 Nc6 3. Bc4 Nf6 4. d3 Be7 5. O-O O-O 6. Re1 d6 7. c3 Kh8 8. h3
Ng8 9. d4 Bf6 10. Be3 h6 11. Nbd2 g5 12. Nf1 g4 13. hxg4 Bxg4 14. Be2 Bg7 15.
Ng3 Qf6 16. dxe5 dxe5 17. Nh2 Bxe2 18. Qxe2 Nge7 19. Rad1 1-0

[Event "14ème Open de Saint-Affrique"]
[Site "Saint-Affrique"]
[Date "????.??.??"]
[Round "3.2"]
[White "San Marco, Bruno"]
[Black "Hebden, Mark"]
[Result "0-1"]
[WhiteElo "2237"]
[BlackElo "2532"]
[PlyCount "80"]

1. d4 Nf6 2. Nc3 d5 3. f3 c5 4. Bg5 Nc6 5. e3 cxd4 6. exd4 e6 7. Bb5 Bd7 8.
Nge2 Be7 9. Qd2 Rc8 10. O-O a6 11. Bxc6 Bxc6 12. a3 O-O 13. Ng3 Qb6 14. Rfe1
Rfe8 15. Nd1 Ba4 16. c3 Bxd1 17. Raxd1 Qd8 18. Bxf6 Bxf6 19. Nh1 b5 20. Nf2 a5
21. Nd3 Be7 22. f4 Bd6 23. Qf2 g6 24. Re3 b4 25. axb4 axb4 26. Ne5 bxc3 27.
bxc3 Re7 28. f5 exf5 29. Qf3 f6 30. Nd3 Rxe3 31. Qxe3 Rxc3 32. Qe6+ Kg7 33. g3
Qc7 34. Qxd5 Bxg3 35. Nc5 Bxh2+ 36. Kh1 Qd6 37. Qb7+ Kh6 38. Qg2 Rxc5 39. Qd2+
Bf4 40. dxc5 Qxd2 0-1

[Event "14ème Open de Saint-Affrique"]
[Site "Saint-Affrique"]
[Date "????.??.??"]
[Round "3.3"]
[White "Kosten, Anthony C"]
[Black "Bersoult, Francois"]
[Result "1/2-1/2"]
[WhiteElo "2530"]
[BlackElo "2236"]
[PlyCount "64"]

1. c4 c6 2. Nf3 d5 3. g3 Nf6 4. Bg2 dxc4 5. O-O Nbd7 6. Na3 Nb6 7. Qc2 Be6 8.
Ng5 Bg4 9. Nxc4 Bxe2 10. Nxb6 Qxb6 11. Re1 Bh5 12. b4 e6 13. a4 Bxb4 14. a5 Qc5
15. Qa4 O-O 16. Ne4 Qe7 17. Rb1 c5 18. Nxf6+ Qxf6 19. a6 Bf3 20. axb7 Rab8 21.
Bb2 Qf5 22. Qa1 Bxg2 23. Kxg2 Qd5+ 24. Kg1 f6 25. Qxa7 Rxb7 26. Qa6 e5 27. Bc3
Rfb8 28. Rbd1 Rd7 29. Qe2 Rbd8 30. Rb1 Bxc3 31. dxc3 Qd3 32. Qa2+ Qd5 1/2-1/2

[Event "14ème Open de Saint-Affrique"]
[Site "Saint-Affrique"]
[Date "????.??.??"]
[Round "3.7"]
[White "Velikov, Petar"]
[Black "Guichard, Pauline"]
[Result "1-0"]
[WhiteElo "2465"]
[BlackElo "2227"]
[PlyCount "68"]

1. Nf3 d5 2. g3 c6 3. Bg2 Nf6 4. O-O Bg4 5. d3 Nbd7 6. Qe1 e5 7. e4 dxe4 8.
dxe4 Bd6 9. h3 Be6 10. Nbd2 h6 11. Qe2 g5 12. Nc4 Bc7 13. a4 O-O 14. Rd1 Qe7
15. b3 Rfe8 16. Ba3 Bxc4 17. Qxc4 Qe6 18. Qe2 a5 19. Nd2 Rad8 20. Nc4 Nf8 21.
Qe1 b6 22. Ne3 Kh7 23. Nf5 Ng6 24. Bf1 Rxd1 25. Rxd1 Rd8 26. Bc4 Rxd1 27. Qxd1
Qe8 28. Qf3 b5 29. axb5 cxb5 30. Bd3 Qc6 31. Nd6 Kg7 32. Bxb5 Qxc2 33. Ne8+
Nxe8 34. Bxe8 Kg8 1-0

[Event "14ème Open de Saint-Affrique"]
[Site "Saint-Affrique"]
[Date "????.??.??"]
[Round "3.20"]
[White "Alexiev, Ivan"]
[Black "Dussol, Pierre"]
[Result "1-0"]
[WhiteElo "1927"]
[BlackElo "2261"]
[PlyCount "115"]

1. d4 f5 2. Bg5 g6 3. h4 h6 4. Bf4 Nf6 5. Nf3 d6 6. e3 Bg7 7. Bc4 e6 8. Nbd2
Nc6 9. c3 Bd7 10. Qe2 Qe7 11. Bb5 a6 12. Ba4 Nd5 13. Bb3 Nxf4 14. exf4 e5 15.
fxe5 dxe5 16. dxe5 Nxe5 17. Nxe5 Qxe5 18. Qxe5+ Bxe5 19. O-O-O O-O-O 20. Rhe1
Bf6 21. g3 g5 22. Nf3 f4 23. hxg5 hxg5 24. Ne5 Bxe5 25. Rxe5 f3 26. Rxg5 Rdf8
27. Bd5 Rh2 28. Rd2 Ba4 29. b3 Bc6 30. Be6+ Kb8 31. Rg8 Rxg8 32. Bxg8 Be4 33.
c4 c6 34. Kb2 Bf5 35. c5 Kc7 36. Kc3 Rh8 37. Bc4 a5 38. Bd3 Bg4 39. Be4 Rh1 40.
Kd4 Re1 41. Ke5 Re2 42. Rc2 Bh5 43. Rc3 Bg6 44. Rc4 Rxf2 45. Bxg6 Re2+ 46. Kf6
Rxa2 47. Rf4 f2 48. g4 a4 49. Bf7 a3 50. b4 Rb2 51. g5 a2 52. Bxa2 Rxa2 53. g6
Rb2 54. g7 Rxb4 55. Rxf2 Rg4 56. Rf5 Rxg7 57. Kxg7 b6 58. Rf7+ 1-0

[Event "14ème Open de Saint-Affrique"]
[Site "?"]
[Date "????.??.??"]
[Round "3.25"]
[White "Humeau, Cyril"]
[Black "Chomet, Pascal"]
[Result "0-1"]
[WhiteElo "2095"]
[BlackElo "2350"]
[PlyCount "60"]
[EventDate "2006.07.25"]
[SourceDate "2006.07.25"]

1. e4 d6 2. d4 g6 3. Nc3 Bg7 4. g3 Na6 5. Bg2 c5 6. Nge2 Nf6 7. O-O O-O 8. h3
cxd4 9. Nxd4 Bd7 10. Nd5 e5 11. Bg5 Nc7 12. Ne2 Ncxd5 13. exd5 b5 14. Qd2 Qb6
15. Be3 Qc7 16. c3 Rab8 17. f4 e4 18. Kh2 a5 19. Rac1 Qc4 20. Rfd1 Qxa2 21. Ra1
Qc4 22. Rxa5 Ra8 23. b4 Rxa5 24. bxa5 Nxd5 25. Qxd5 Qxe2 26. Qxd6 Bxh3 27. Qd2
Qxd2 28. Bxd2 Bxg2 29. Kxg2 Rd8 30. a6 e3 0-1

[Event "14ème Open de Saint-Affrique"]
[Site "Saint-Affrique"]
[Date "????.??.??"]
[Round "3.8"]
[White "Arnaudov, G. Petar"]
[Black "Collas, Didier"]
[Result "1-0"]
[WhiteElo "2220"]
[BlackElo "2453"]
[PlyCount "79"]

1. d4 Nf6 2. c4 e6 3. Nc3 Bb4 4. e3 c5 5. Bd3 Nc6 6. Nf3 Bxc3+ 7. bxc3 d6 8.
O-O O-O 9. Nd2 e5 10. dxc5 dxc5 11. Qc2 Be6 12. f4 exf4 13. exf4 Qd6 14. Ne4
Nxe4 15. Bxe4 Bxc4 16. Bxh7+ Kh8 17. Rd1 Qf6 18. Bd3 Bxd3 19. Rxd3 Kg8 20. Rh3
Rfd8 21. Qh7+ Kf8 22. Ba3 b6 23. Re1 Ne7 24. Rhe3 Ng8 25. Re5 Rac8 26. Bc1 Rc7
27. f5 Re7 28. Bf4 Rxe5 29. Bxe5 Qg5 30. Qh3 f6 31. Bc7 Rd7 32. Qf3 Ne7 33. Bg3
Qxf5 34. Qe2 Kf7 35. Bd6 g6 36. Bxe7 Qd5 37. Kh1 a5 38. c4 Qc6 39. h3 Rb7 40.
Qe3 1-0

[Event "14ème Open de Saint-Affrique"]
[Site "Saint-Affrique"]
[Date "????.??.??"]
[Round "3.9"]
[White "Colin, Vincent"]
[Black "Sandu, Mihaela"]
[Result "1-0"]
[WhiteElo "2415"]
[BlackElo "2213"]
[PlyCount "55"]

1. d4 Nf6 2. c4 g6 3. Nc3 Bg7 4. e4 d6 5. f4 O-O 6. Nf3 c5 7. d5 a6 8. a4 e5 9.
fxe5 Ng4 10. Bg5 Qb6 11. Qc2 Nxe5 12. a5 Qc7 13. Be2 f5 14. Nxe5 Bxe5 15. O-O
b5 16. axb6 Qxb6 17. Bh6 Rf7 18. exf5 Bxf5 19. Bd3 Bxd3 20. Rxf7 Kxf7 21. Qxd3
Nd7 22. Qh3 Nf8 23. Rf1+ Kg8 24. Bxf8 Qxb2 25. Ne4 Qd4+ 26. Kh1 Qxe4 27. Qe6+
Kh8 28. Bxd6 1-0

[Event "14ème Open de Saint-Affrique"]
[Site "Saint-Affrique"]
[Date "????.??.??"]
[Round "3.10"]
[White "Flear, Christine"]
[Black "Popchev, Milko"]
[Result "1/2-1/2"]
[WhiteElo "2198"]
[BlackElo "2405"]
[PlyCount "129"]

1. d4 d6 2. c4 c6 3. Nc3 Nf6 4. g3 g6 5. Bg2 Bg7 6. Nf3 O-O 7. e4 Bg4 8. h3
Bxf3 9. Bxf3 e5 10. Be3 Nfd7 11. d5 c5 12. Qd2 f5 13. Bg5 Bf6 14. Bh6 Bg7 15.
Bg5 Nf6 16. exf5 gxf5 17. O-O-O a6 18. Bh6 Bxh6 19. Qxh6 Kh8 20. g4 Ng8 21. Qh5
b5 22. gxf5 Nd7 23. Rhg1 bxc4 24. Rg6 Ndf6 25. Qh4 Rf7 26. Rdg1 Qe7 27. R6g5
Rb8 28. Qxc4 Qb7 29. b3 Qb4 30. Be2 Ne7 31. Qxb4 cxb4 32. Na4 a5 33. Bc4 Ne4
34. R5g2 Nf6 35. Nb2 Nxf5 36. Nd1 Rbb7 37. Kb2 Rg7 38. Rxg7 Rxg7 39. Rxg7 Kxg7
40. Kc2 h5 41. Kd3 e4+ 42. Ke2 Kg6 43. Ne3 h4 44. Ng2 Kg5 45. f4+ exf3+ 46.
Kxf3 Ne7 47. Ne3 Ng6 48. Ng2 Ne5+ 49. Ke3 a4 50. Bb5 Nxd5+ 51. Kd4 axb3 52.
axb3 Nc7 53. Be2 Ne6+ 54. Kd5 Nf4+ 55. Nxf4 Kxf4 56. Kxd6 Nf3 57. Kc5 Ng1 58.
Bg4 Kg3 59. Kxb4 Nxh3 60. Bc8 Nf2 61. Kc5 Ng4 62. Kd4 h3 63. Bb7 Kf2 64. b4 Ne3
65. b5 1/2-1/2